000 00892nam a2200253Ia 4500
003 OSt
005 20221005112241.0
006 a|||||r|||| 00| 0
007 ta
008 221004b |||||||| |||| 00| 0 pan d
020 _a9788171435661 (hbk)
_c130
024 _a2645
037 _b689, 16/01/2013, Bright Book Service
_cTextual
040 _aCRL
_cCRL
_bpan
041 _2pan
_apan
082 _aO153,1:g, Q2
100 _aਵਿFਾਲ ਕੁਮਾਰ
_9624303
245 0 _aਪੰਜਾਬੀ ਮਹਾਕਾਵਿ
_b ਬਦਅਦੇ ਪਰਿਪੇਖ
260 _aਅੰਮ੍ਰਿਤਸਰ
_bਰਵੀ ਸਾਹਿਤ ਭਾਰਤ
_c2012
300 _a112ਪੰ
_ccm.
650 _aਪੰਜਾਬੀ ਸਾਹਿਤ
942 _hO153,1:g, Q2
_cTEXL
_2cc
999 _c1024327
_d1024327